000 00347cam a22001217a 4500
008 180718b1996 xxu||||| |||| 00| 0 eng d
082 _aA99 Sa92 V191
100 _aVaidya, Prem
245 _aSavarkar: a lifelong crusader
_cby Prem Vaidya
260 _aNew Delhi
_bNew Age
_c1996
300 _a124p.
650 _aSavarkar, Vinayak Damodar - Biography
999 _c380927
_d380927